000 00193 a2200097 4500
001 25816
100 _aLeopold, A S
245 _aDesert
260 _a
_bTime Life
_c1963
090 _c17445
_d17445
942 _aNUST-CAE
_cM
_c8275
999 _c260889
_d260889